000 00685nam a22002177a 4500
003 UA-OsUOA
001 118293
007 ta
008 20160728b un ||||| |||| 00| 0 ukr d
100 _aТулай О.І.
090 _a330(477)
_bТ82
942 _cSA
040 _aUA-OsUOA
_bukr
_cUA-OsUOA
_dUA-OsUOA
245 _aПроблеми та перспективи державного фінансування системи охорони здоро'я в Україні
300 _aС.84-100
955 _a0
041 _aukr
080 _a330(477)
773 0 _w118289
_tФінанси України
_dК.
_d2016
_g4
650 7 _a330 Економіка взагалі
_2UDC
999 _c404360
_d404360